[Event "Kamen- Katernberg 2"]
[Site "?"]
[Date "2023.02.12"]
[Round "5.2"]
[White "Himmel, Hansjoerg"]
[Black "Villwock, Martin"]
[Result "0-1"]
[WhiteElo "2257"]
[BlackElo "2079"]
[PlyCount "80"]
[SourceVersionDate "2023.06.22"]

1. e4 c5 2. Nf3 Nc6 3. Bb5 d6 4. Bxc6+ bxc6 5. O-O e5 6. c3 f5 7. exf5 Bxf5 8.
d4 e4 9. dxc5 dxc5 10. Qe2 Be7 11. Ne5 Qc7 12. f4 h5 13. Nd2 Nf6 14. Ndc4 Rd8
15. Ne3 g6 16. Bd2 Bd6 17. c4 O-O 18. Bc3 Qc8 19. Rae1 Ng4 20. Nxf5 gxf5 21. h3
Nf6 22. Ng6 Rf7 23. Bxf6 Rxf6 24. Qxh5 Kg7 25. Ne5 Qe6 26. Rd1 Rdf8 27. Qg5+
Kh7 28. Qh4+ Rh6 29. Qg3 Rg8 30. Qc3 Rg7 31. Rf2 Qg8 32. Kh2 Be7 33. Rd7 Bh4
34. Rxg7+ Qxg7 35. g3 Bf6 36. Rd2 Bxe5 37. fxe5 Qg4 38. h4 f4 39. Rg2 f3 40.
Rg1 Rxh4+ 0-1

[Event "Kamen- Katernberg 2"]
[Site "?"]
[Date "2023.02.12"]
[Round "5.3"]
[White "Scheck, Kyrill"]
[Black "Georg, Heinz"]
[Result "1/2-1/2"]
[WhiteElo "2153"]
[BlackElo "2167"]
[PlyCount "80"]
[SourceVersionDate "2023.06.22"]

1. e4 e5 2. Nf3 Nc6 3. Bb5 f5 4. Nc3 Nf6 5. exf5 e4 6. Qe2 Qe7 7. Bxc6 bxc6 8.
Ng5 d5 9. Ne6 Bxe6 10. fxe6 Qxe6 11. d3 Bb4 12. Bd2 Bxc3 13. Bxc3 O-O 14. O-O
Rae8 15. Bd4 Nd7 16. b4 Qg6 17. Bxa7 Ne5 18. dxe4 Nf3+ 19. Kh1 Rxe4 20. Be3 Rh4
21. gxf3 Rf5 22. Bf4 Rfxf4 23. Qe7 Qh6 24. Qd8+ Rf8 25. Qxc7 Rxf3 26. Rg1 Rxf2
27. Rxg7+ Qxg7 28. Rg1 Rhxh2+ 29. Qxh2 Rxh2+ 30. Kxh2 Qxg1+ 31. Kxg1 Kf7 32.
Kf2 Ke6 33. Ke3 Kd6 34. a4 c5 35. bxc5+ Kxc5 36. a5 d4+ 37. Kd3 h5 38. a6 Kb6
39. Kxd4 Kxa6 40. Ke4 Kb5 1/2-1/2

[Event "Kamen- Katernberg 2"]
[Site "?"]
[Date "2023.02.12"]
[Round "5.4"]
[White "Seepe, Udo"]
[Black "Irkilmez, Yakub"]
[Result "1/2-1/2"]
[WhiteElo "2109"]
[BlackElo "2114"]
[PlyCount "52"]
[SourceVersionDate "2023.06.22"]

1. c4 Nf6 2. g3 g6 3. Bg2 Bg7 4. Nf3 O-O 5. O-O d6 6. Nc3 e5 7. d4 Nc6 8. h3
Bf5 9. dxe5 dxe5 10. Be3 Qc8 11. g4 Be6 12. Nd5 h5 13. g5 Ne4 14. Kh2 Nd6 15.
Nd2 Rd8 16. Qa4 Nf5 17. Ne4 Kh8 18. Nc5 Ncd4 19. Bxd4 exd4 20. Kg1 Bxd5 21.
Bxd5 Nd6 22. Qb3 c6 23. Bg2 b6 24. Ne4 Nxe4 25. Bxe4 Qe6 26. Qf3 Rac8 1/2-1/2

[Event "Kamen- Katernberg 2"]
[Site "?"]
[Date "2023.02.12"]
[Round "5.5"]
[White "Dahm, Bernd"]
[Black "Georg, Felix"]
[Result "1/2-1/2"]
[WhiteElo "2123"]
[BlackElo "2033"]
[PlyCount "66"]
[SourceVersionDate "2023.06.22"]

1. d4 e6 2. c4 f5 3. g3 Nf6 4. Bg2 Be7 5. Nf3 O-O 6. O-O d6 7. b3 a5 8. Bb2 Qe8
9. Qc2 Nc6 10. a3 Bd8 11. Nc3 e5 12. dxe5 dxe5 13. e4 Qh5 14. Nd5 fxe4 15.
Nxf6+ Bxf6 16. Nd2 Bh3 17. Qxe4 Rad8 18. Bxh3 Qxh3 19. Nf3 g6 20. Rfe1 Rfe8 21.
Re3 Qf5 22. Rae1 Qxe4 23. Rxe4 Rd3 24. R1e3 Red8 25. Nxe5 Rxe3 26. Rxe3 Nxe5
27. Bxe5 Bxe5 28. Rxe5 Rd3 29. Re3 Rd1+ 30. Kg2 Kf7 31. Re5 Rd3 32. Re3 Rd2 33.
g4 Rd4 1/2-1/2

[Event "Kamen- Katernberg 2"]
[Site "?"]
[Date "2023.02.12"]
[Round "5.6"]
[White "Koch, Marcel"]
[Black "Melde, Benjamin"]
[Result "0-1"]
[WhiteElo "1902"]
[BlackElo "2131"]
[PlyCount "48"]
[SourceVersionDate "2023.06.22"]

1. d4 Nf6 2. c4 g6 3. Nc3 Bg7 4. e4 O-O 5. f3 d6 6. Be3 c5 7. dxc5 dxc5 8. Qxd8
Rxd8 9. Bxc5 Nc6 10. Rd1 Rxd1+ 11. Nxd1 Be6 12. b3 Nd7 13. Ba3 a5 14. Ne2 Nb4
15. Kf2 Nxa2 16. Bxe7 a4 17. bxa4 Rxa4 18. Nf4 Bd4+ 19. Ne3 Nc3 20. Nxe6 fxe6
21. Be2 Ra2 22. Re1 Ne5 23. Bf6 Nd3+ 24. Kg3 Nxe1 0-1

[Event "Kamen- Katernberg 2"]
[Site "?"]
[Date "2023.02.12"]
[Round "5.8"]
[White "Markert, Dirk"]
[Black "Kaeding, Rainer"]
[Result "1/2-1/2"]
[WhiteElo "1869"]
[BlackElo "2089"]
[PlyCount "43"]
[SourceVersionDate "2023.06.22"]

1. d4 d5 2. Bf4 Nf6 3. e3 e6 4. c3 c5 5. Nd2 Nc6 6. Ngf3 Bd6 7. Bg3 O-O 8. Bd3
b6 9. Qe2 cxd4 10. exd4 Bb7 11. Ne5 Ne7 12. Bh4 Ng6 13. Nxg6 hxg6 14. O-O Qc7
15. Bg3 Nh5 16. Bxd6 Qxd6 17. g3 Rfe8 18. Nf3 Nf6 19. Ne5 a6 20. Rae1 Nd7 21.
Nxd7 Qxd7 22. f4 1/2-1/2

[Event "Lasker Köln- Bielefeld"]
[Site "?"]
[Date "2023.02.12"]
[Round "5.1"]
[White "Forchert, Martin"]
[Black "Wiekert, Martin"]
[Result "1-0"]
[WhiteElo "2305"]
[BlackElo "2284"]
[PlyCount "49"]
[SourceVersionDate "2023.06.22"]

1. e4 d6 2. d4 Nf6 3. Nc3 e5 4. Nf3 Nbd7 5. Rg1 g6 6. g4 exd4 7. Nxd4 Bg7 8.
Be3 O-O 9. g5 Ne8 10. Qd2 Ne5 11. Be2 c5 12. Nb3 Be6 13. O-O-O Nc4 14. Bxc4
Bxc4 15. Bxc5 b5 16. Bd4 a5 17. Bxg7 Nxg7 18. Qxd6 Qc8 19. Nc5 Kh8 20. b3 Ne6
21. Nd7 Bxb3 22. Qe5+ f6 23. Nxf6 Ra7 24. axb3 Ng7 25. Nxb5 1-0

[Event "Lasker Köln- Bielefeld"]
[Site "?"]
[Date "2023.02.12"]
[Round "5.2"]
[White "Nagel, Bernhard"]
[Black "Gruen, Gerd- Peter"]
[Result "1/2-1/2"]
[WhiteElo "2190"]
[BlackElo "2279"]
[PlyCount "68"]
[SourceVersionDate "2023.06.22"]

1. Nf3 Nf6 2. b3 d5 3. e3 Bf5 4. Bb2 e6 5. Nh4 Bg4 6. Be2 Bxe2 7. Qxe2 a6 8. f4
g6 9. Nf3 Bg7 10. g4 c5 11. g5 Nh5 12. Bxg7 Nxg7 13. Qd3 O-O 14. Nc3 b5 15. Ne2
Nc6 16. Qc3 Qd6 17. Ne5 b4 18. Qb2 Nxe5 19. Qxe5 Qxe5 20. fxe5 a5 21. a4 Nf5
22. h4 h5 23. Ng1 Rac8 24. Nf3 c4 25. Kf2 cxb3 26. cxb3 Rc2 27. Rhc1 Rfc8 28.
Rxc2 Rxc2 29. Rb1 Kf8 30. Ke2 Ke7 31. Kd1 Rc5 32. Rc1 Rxc1+ 33. Kxc1 Kd7 34.
Kd1 Kc6 1/2-1/2

[Event "Lasker Köln- Bielefeld"]
[Site "?"]
[Date "2023.02.12"]
[Round "5.3"]
[White "Simon, Hans- Christian"]
[Black "Pfeffer, Ruprecht"]
[Result "1/2-1/2"]
[WhiteElo "2165"]
[BlackElo "2254"]
[PlyCount "43"]
[SourceVersionDate "2023.06.22"]

1. Nf3 Nf6 2. c4 g6 3. Nc3 d5 4. cxd5 Nxd5 5. Qa4+ c6 6. Nxd5 Qxd5 7. e4 Qd8 8.
d4 Bg7 9. Be3 O-O 10. Be2 Nd7 11. O-O e5 12. Rad1 exd4 13. Bxd4 Qe7 14. Bxg7
Kxg7 15. Qd4+ Kg8 16. Rfe1 Re8 17. Bc4 Nb6 18. Bb3 Be6 19. Bxe6 Qxe6 20. b3 Qe7
21. h4 Rad8 22. Qc3 1/2-1/2

[Event "Lasker Köln- Bielefeld"]
[Site "?"]
[Date "2023.02.12"]
[Round "5.4"]
[White "Pawelzik, Malte"]
[Black "Goeßling, Guido"]
[Result "0-1"]
[WhiteElo "2145"]
[BlackElo "2153"]
[PlyCount "28"]
[SourceVersionDate "2023.06.22"]

1. e4 e5 2. Nf3 Nc6 3. Bb5 Bc5 4. c3 Nf6 5. O-O Nxe4 6. Qe2 d5 7. Nxe5 O-O 8.
Nxc6 bxc6 9. Bxc6 Rb8 10. d3 Rb6 11. Ba4 Qh4 12. b4 Bg4 13. Qe1 Rg6 14. Nd2
Nxd2 0-1

[Event "Lasker Köln- Bielefeld"]
[Site "?"]
[Date "2023.02.12"]
[Round "5.5"]
[White "Beilfuß, Wilfried"]
[Black "Loseries, Uwe"]
[Result "0-1"]
[WhiteElo "2131"]
[BlackElo "2172"]
[PlyCount "68"]
[SourceVersionDate "2023.06.22"]

1. c4 Nf6 2. Nc3 g6 3. e4 d6 4. d4 Bg7 5. f3 O-O 6. Be3 Nc6 7. Nge2 a6 8. Qd2
Rb8 9. Rb1 e5 10. d5 Ne7 11. g3 c5 12. b4 Nd7 13. Nc1 Kh8 14. Be2 f5 15. Nd3 b5
16. bxc5 bxc4 17. Nb4 Nxc5 18. O-O fxe4 19. fxe4 Rxf1+ 20. Bxf1 Qa5 21. Nc6
Nxc6 22. dxc6 Rxb1 23. Nxb1 Qxd2 24. Nxd2 c3 25. Nc4 Nxe4 26. Nb6 Be6 27. c7 a5
28. Bc4 Bf5 29. c8=Q+ Bxc8 30. Nxc8 Bf8 31. Nb6 c2 32. Nd5 Bh6 33. Nf4 exf4 34.
gxf4 Nc5 0-1

[Event "Lasker Köln- Bielefeld"]
[Site "?"]
[Date "2023.02.12"]
[Round "5.6"]
[White "Fox, Daniel"]
[Black "Danielmeier, Ralf"]
[Result "1-0"]
[WhiteElo "2154"]
[BlackElo "2071"]
[PlyCount "63"]
[SourceVersionDate "2023.06.22"]

1. e4 d5 2. Nc3 dxe4 3. f3 e3 4. d4 e2 5. Bxe2 Nf6 6. Bc4 Bf5 7. g4 Bg6 8. h4
h6 9. Nge2 Nc6 10. a3 e6 11. Be3 Ne7 12. Nf4 Nfd5 13. Bxd5 Nxd5 14. Ncxd5 exd5
15. Qe2 c6 16. Nxg6 fxg6 17. Bxh6+ Kf7 18. Bf4 Rxh4 19. O-O-O Bd6 20. Bxd6 Rxh1
21. Rxh1 Qxd6 22. Re1 Rb8 23. Qe3 b5 24. b4 a5 25. bxa5 b4 26. axb4 Qxb4 27. a6
Qb2+ 28. Kd2 Qb4+ 29. Qc3 Qb5 30. Qa3 Ra8 31. Qe7+ Kg8 32. Rh1 1-0

[Event "Lasker Köln- Bielefeld"]
[Site "?"]
[Date "2023.02.12"]
[Round "5.7"]
[White "Roemhild, Marcus"]
[Black "Cramer, Volker"]
[Result "0-1"]
[WhiteElo "2066"]
[BlackElo "2056"]
[PlyCount "70"]
[SourceVersionDate "2023.06.22"]

1. d4 e6 2. Nf3 b6 3. Nbd2 d5 4. e3 Nf6 5. Bd3 c5 6. c3 Be7 7. Ne5 O-O 8. f4
Ba6 9. Bc2 Ne8 10. Qh5 f5 11. Ndf3 Nf6 12. Qh3 Ne4 13. g4 Nd7 14. Nxd7 Qxd7 15.
Ne5 Qd8 16. g5 Bd6 17. Nd3 Bc4 18. Nf2 a5 19. Nxe4 dxe4 20. b3 Ba6 21. Bd2 Qc7
22. Bd1 cxd4 23. cxd4 Ba3 24. Be2 Bxe2 25. Kxe2 Qc2 26. Rhd1 Rfc8 27. Ke1 Qd3
28. Bxa5 Qb5 29. Bd2 Bb2 30. Rab1 Rxa2 31. b4 Rc2 32. Qf1 Qc6 33. b5 Qc7 34.
Rxb2 Raxb2 35. h4 Rxd2 0-1

[Event "Lasker Köln- Bielefeld"]
[Site "?"]
[Date "2023.02.12"]
[Round "5.8"]
[White "Di Franco, Patricio"]
[Black "Doering, Carsten"]
[Result "1-0"]
[WhiteElo "2041"]
[BlackElo "2022"]
[PlyCount "75"]
[SourceVersionDate "2023.06.22"]

1. d4 Nf6 2. c4 g6 3. Nc3 Bg7 4. e4 d6 5. Be2 Nbd7 6. h4 h5 7. Nf3 e5 8. d5 Nc5
9. Ng5 a5 10. Be3 Ng4 11. Bxg4 Bxg4 12. f3 Bd7 13. Qe2 f6 14. Nh3 Bh6 15. Bxh6
Rxh6 16. Nf2 Kf7 17. Nd3 Nxd3+ 18. Qxd3 Kg7 19. c5 dxc5 20. d6 c6 21. Qe3 Qb6
22. O-O Qb4 23. Rfd1 b6 24. b3 Rb8 25. Rac1 Rh7 26. Ne2 Qb5 27. f4 Re8 28. a4
Qa6 29. Rf1 Qc8 30. f5 gxf5 31. exf5 Rg8 32. Ng3 Kf7 33. Rc2 Rg4 34. Rc4 Qg8
35. Rf3 Kf8 36. Re4 Rhg7 37. Qh6 Rxe4 38. Nxe4 1-0

[Event "Solingen 4- Niederkassel"]
[Site "?"]
[Date "2023.02.12"]
[Round "5.1"]
[White "Stanetzek, Carsten"]
[Black "Blasek, Ralph"]
[Result "1-0"]
[WhiteElo "2152"]
[BlackElo "2212"]
[PlyCount "75"]
[SourceVersionDate "2023.06.22"]

1. e4 c5 2. Nf3 Nc6 3. Bb5 Na5 4. O-O a6 5. Be2 d6 6. c4 Nf6 7. Nc3 Bd7 8. a3
Rc8 9. Rb1 e6 10. d3 Be7 11. b4 cxb4 12. axb4 Nc6 13. d4 O-O 14. d5 Nb8 15. Qb3
exd5 16. cxd5 Bg4 17. h3 Bh5 18. Re1 Nbd7 19. g4 Bg6 20. Bd3 Ne5 21. Nxe5 dxe5
22. Be3 h5 23. f3 Ne8 24. b5 a5 25. Na4 Bb4 26. Rec1 Nd6 27. Kg2 Qh4 28. Bf2
Qe7 29. Nb6 Rxc1 30. Rxc1 Qg5 31. Rc7 hxg4 32. hxg4 f5 33. exf5 e4 34. Bxe4
Nxe4 35. fxg6 Nxf2 36. d6+ Kh8 37. Qf7 Rg8 38. Qxg8+ 1-0

[Event "Solingen 4- Niederkassel"]
[Site "?"]
[Date "2023.02.12"]
[Round "5.2"]
[White "Fichtner, Ewald"]
[Black "Kneutgen, Alexander"]
[Result "1-0"]
[WhiteElo "1991"]
[BlackElo "2027"]
[PlyCount "61"]
[SourceVersionDate "2023.06.22"]

1. d4 d5 2. Nc3 e6 3. Bf4 Bd6 4. e3 Bxf4 5. exf4 Nf6 6. Nf3 O-O 7. Ne5 Ne4 8.
Bd3 f6 9. Nf3 f5 10. Ne5 Nd7 11. Bxe4 fxe4 12. Qg4 Nxe5 13. fxe5 Bd7 14. Ne2
Qe7 15. c3 Rf7 16. Nf4 Raf8 17. g3 c5 18. a3 Rf5 19. O-O Bb5 20. Rfd1 Be8 21.
h4 Rxf4 22. gxf4 Rf5 23. Qg3 Bh5 24. Rd2 Bf3 25. Kh2 Qf7 26. Rg1 Rxf4 27. Qg5
h6 28. Qxh6 Bg4 29. Qg5 Rxf2+ 30. Rxf2 Qxf2+ 31. Rg2 1-0

[Event "Solingen 4- Niederkassel"]
[Site "?"]
[Date "2023.02.12"]
[Round "5.3"]
[White "Schracke, Guido"]
[Black "Goerke, Joachim"]
[Result "1-0"]
[WhiteElo "2146"]
[BlackElo "2119"]
[PlyCount "71"]
[SourceVersionDate "2023.06.22"]

1. e4 e5 2. Nc3 Nc6 3. Nf3 Nf6 4. d4 exd4 5. Nd5 Bc5 6. Bd3 d6 7. Bg5 h6 8.
Nxf6+ gxf6 9. Bh4 Bg4 10. h3 Bd7 11. Qc1 Ne5 12. Qf4 c6 13. Qxf6 Qxf6 14. Bxf6
Nxd3+ 15. cxd3 Bb4+ 16. Ke2 O-O 17. Nxd4 d5 18. a3 Ba5 19. e5 Bb6 20. Nc2 c5
21. Ne3 Be6 22. Rhd1 Rfe8 23. f4 d4 24. Nc4 Bc7 25. Rac1 b5 26. Nd2 Bb6 27. Ne4
Bb3 28. Rf1 c4 29. Nd6 Re6 30. Rf3 Rxf6 31. exf6 cxd3+ 32. Rxd3 Bd5 33. Nxb5
Re8+ 34. Kd2 Be4 35. Rg3+ Kh8 36. Nd6 1-0

[Event "Solingen 4- Niederkassel"]
[Site "?"]
[Date "2023.02.12"]
[Round "5.5"]
[White "Konzen, Horst"]
[Black "Kushchan, Eduard"]
[Result "1/2-1/2"]
[WhiteElo "1994"]
[BlackElo "2026"]
[PlyCount "38"]
[SourceVersionDate "2023.06.22"]

1. d4 d5 2. c4 e6 3. Nc3 Nf6 4. cxd5 exd5 5. Bg5 c6 6. Qc2 g6 7. e3 Bf5 8. Bd3
Bxd3 9. Qxd3 Be7 10. f3 O-O 11. Bh6 Re8 12. Nge2 Nbd7 13. O-O Bf8 14. Bg5 h6
15. Bh4 Bg7 16. Rad1 Qe7 17. Bf2 Nf8 18. Kh1 h5 19. Rfe1 Bh6 1/2-1/2

[Event "Solingen 4- Niederkassel"]
[Site "?"]
[Date "2023.02.12"]
[Round "5.7"]
[White "Kuhn, Andreas"]
[Black "Becker, Carsten"]
[Result "1/2-1/2"]
[WhiteElo "1832"]
[BlackElo "1794"]
[PlyCount "102"]
[SourceVersionDate "2023.06.22"]

1. Nf3 Nf6 2. g3 g6 3. Bg2 Bg7 4. c4 O-O 5. d4 d6 6. O-O c6 7. Nc3 Qa5 8. e4
Qh5 9. Ng5 Bg4 10. f3 Bd7 11. Qe1 h6 12. g4 Bxg4 13. fxg4 Nxg4 14. Nf3 Bxd4+
15. Kh1 f5 16. h3 Bb6 17. Qh4 Qxh4 18. Nxh4 Nf2+ 19. Kh2 Kh7 20. Bd2 Nd7 21.
exf5 gxf5 22. Rae1 e5 23. Re2 Nd3 24. b3 Nf2 25. Rfxf2 Bxf2 26. Rxf2 f4 27.
Be4+ Kg8 28. Nf5 Nf6 29. Nxh6+ Kh8 30. Bf3 Rae8 31. Ne4 d5 32. Nxf6 Rxf6 33.
Ng4 Rd6 34. Bb4 Rg6 35. Nxe5 Rg3 36. cxd5 cxd5 37. Bxd5 Rxe5 38. Rxf4 Rd3 39.
Bxb7 Re2+ 40. Bg2 Rxa2 41. Bc5 Rxb3 42. Bd4+ Kh7 43. Rf7+ Kg6 44. Rxa7 Rxa7 45.
Bxa7 Ra3 46. Be4+ Kh5 47. Bc5 Ra5 48. Bf3+ Kg6 49. Bd6 Rh5 50. Bf4 Rh4 51. Kg3
Rxf4 1/2-1/2

[Event "Solingen 4- Niederkassel"]
[Site "?"]
[Date "2023.02.12"]
[Round "5.8"]
[White "Siddharth, Shivkumar"]
[Black "Neu, Martin"]
[Result "1/2-1/2"]
[WhiteElo "1754"]
[BlackElo "1696"]
[PlyCount "95"]
[SourceVersionDate "2023.06.22"]

1. e4 c5 2. Nc3 g6 3. f4 Bg7 4. Nf3 d6 5. Bb5+ Nc6 6. Bxc6+ bxc6 7. d3 Rb8 8.
O-O e6 9. Qe1 Ne7 10. Rb1 O-O 11. Bd2 Ba6 12. Qh4 d5 13. Rfe1 c4 14. dxc4 Bxc4
15. b3 Ba6 16. g4 Nc8 17. Qf2 Nd6 18. e5 Nc8 19. Nd4 Qc7 20. f5 c5 21. f6 cxd4
22. fxg7 Rd8 23. Qxd4 Qb6 24. Ne2 Kxg7 25. Kg2 Qxd4 26. Nxd4 Ne7 27. Bg5 Ng8
28. Nc6 Rdc8 29. Nxb8 Rxb8 30. Be3 Ra8 31. Rbc1 Bb7 32. Kg3 Ne7 33. c3 Nc6 34.
Bc5 Rc8 35. Bd6 Ba6 36. b4 Bc4 37. a4 Bb3 38. a5 a6 39. Rf1 Bc4 40. Rf2 Rd8 41.
Rcc2 Rd7 42. h4 Na7 43. Rh2 Nb5 44. Bc5 h6 45. Rhf2 Rb7 46. Rf6 Bd3 47. Rc1 Bc4
48. Rf4 1/2-1/2

[Event "Ennepe- Ruhr-  Bergneustadt"]
[Site "?"]
[Date "2023.02.19"]
[Round "5.1"]
[White "Stuemer, Paul"]
[Black "Arndt, Stefan"]
[Result "1/2-1/2"]
[WhiteElo "1988"]
[BlackElo "2139"]
[Annotator "daniel"]
[PlyCount "43"]
[SourceVersionDate "2023.06.22"]

1. Nf3 e6 2. c4 f5 3. g3 Nf6 4. Bg2 Be7 5. O-O O-O 6. d3 d6 7. b4 a5 8. b5 e5
9. Nc3 Nbd7 10. Ng5 Nb6 11. h4 h6 12. Nf3 Qe8 13. Nh2 Rb8 14. Be3 Be6 $11 15.
Qd2 Qg6 16. Bxb6 cxb6 17. Qe3 Nd7 18. Nd5 Bxd5 19. Bxd5+ Kh8 20. Kh1 Nc5 21.
Rg1 Bf6 22. Rad1 1/2-1/2

[Event "Ennepe- Ruhr-  Bergneustadt"]
[Site "?"]
[Date "2023.02.19"]
[Round "5.2"]
[White "Tripolsky, Eugen"]
[Black "Michalik, Friedhelm"]
[Result "1-0"]
[WhiteElo "2275"]
[BlackElo "2115"]
[PlyCount "83"]
[SourceVersionDate "2023.06.22"]

1. d4 Nf6 2. Nc3 g6 3. e4 d6 4. f4 Bg7 5. Nf3 O-O 6. e5 Ne8 7. Be3 f6 8. Bc4+
Kh8 9. Qe2 c6 10. O-O-O d5 11. Bd3 Bg4 12. Qf2 Nc7 13. Bxg6 hxg6 14. Qh4+ Bh5
15. g4 Nd7 16. gxh5 gxh5 17. Qxh5+ Kg8 18. Rhg1 Rf7 19. f5 e6 20. Bh6 fxe5 21.
Bxg7 Rxg7 22. Rxg7+ Kxg7 23. Rg1+ Kf8 24. Qh6+ Ke7 25. Rg7+ Kd6 26. dxe5+ Nxe5
27. Nxe5 Kxe5 28. f6 Qh8 29. Qxh8 Rxh8 30. Rxc7 Kxf6 31. Rxb7 Rxh2 32. Rxa7 c5
33. b3 Ke5 34. Rc7 d4 35. Rxc5+ Kf4 36. Rc4 e5 37. Nd1 Kf3 38. Nb2 Ke3 39. Na4
e4 40. Nc5 Rh1+ 41. Kb2 Rd1 42. Nxe4 1-0

[Event "Ennepe- Ruhr-  Bergneustadt"]
[Site "?"]
[Date "2023.02.19"]
[Round "5.3"]
[White "Wang, Andre"]
[Black "Heller, Achim"]
[Result "0-1"]
[WhiteElo "1994"]
[BlackElo "2024"]
[PlyCount "98"]
[SourceVersionDate "2023.06.22"]

1. c4 e6 2. Nc3 d5 3. d4 Nf6 4. Bg5 Be7 5. e3 O-O 6. Nf3 b6 7. Be2 Bb7 8. O-O
Nbd7 9. Rc1 Rc8 10. Qa4 a6 11. cxd5 Nxd5 12. Bxe7 Qxe7 13. Nxd5 exd5 14. Bxa6
Ra8 15. Rxc7 Bxa6 16. Rfc1 b5 17. Qb3 Qd8 18. Qxd5 Nf6 19. Qb3 Qd5 20. Nd2 Rac8
21. Rxc8 Rxc8 22. Rxc8+ Bxc8 23. Qa3 Bb7 24. f3 h5 25. Qa7 h4 26. e4 Qc6 27. d5
Qc1+ 28. Nf1 Qc8 29. b4 h3 30. Qc5 Qa8 31. Qc2 hxg2 32. Kxg2 Qd8 33. Qc5 Qd7
34. Ne3 g6 35. Qd4 Qd8 36. Qc5 Qd7 37. Qd4 Qd8 38. Qc5 Bc8 39. Qxb5 Nh5 40. Kf1
Bh3+ 41. Ke2 Nf4+ 42. Kd2 Qh4 43. Qe8+ Kg7 44. Qe5+ Kh7 45. Nd1 Bf1 46. Qd4 Nd3
47. Qg1 Qe1+ 48. Kc2 Nxb4+ 49. Kb3 Bc4+ 0-1

[Event "Ennepe- Ruhr-  Bergneustadt"]
[Site "?"]
[Date "2023.02.19"]
[Round "5.4"]
[White "Arakelian, Aik"]
[Black "Kiparski, Ekkehard"]
[Result "1/2-1/2"]
[WhiteElo "2009"]
[BlackElo "1971"]
[PlyCount "57"]
[SourceVersionDate "2023.06.22"]

1. e4 c6 2. d4 d5 3. Nc3 dxe4 4. Nxe4 Bf5 5. Ng3 Bg6 6. Nf3 Nd7 7. h4 h6 8. h5
Bh7 9. Bd3 Bxd3 10. Qxd3 e6 11. Bd2 Ngf6 12. O-O-O Qc7 13. Ne4 O-O-O 14. Rh4
Bd6 15. Nxd6+ Qxd6 16. Bf4 Qd5 17. Qa3 a6 18. b3 Rhe8 19. Bh2 Qf5 20. c4 Ng4
21. Rxg4 Qxg4 22. Qa5 e5 23. dxe5 Nf8 24. Rd6 Ne6 25. Rxc6+ bxc6 26. Qxa6+ Kc7
27. Qa7+ Kc8 28. Qa8+ Kc7 29. Qa7+ 1/2-1/2

[Event "Ennepe- Ruhr-  Bergneustadt"]
[Site "?"]
[Date "2023.02.19"]
[Round "5.5"]
[White "Stahlschmidt, Timo"]
[Black "Bruchmann, Norbert"]
[Result "1-0"]
[WhiteElo "1746"]
[BlackElo "2054"]
[PlyCount "76"]
[SourceVersionDate "2023.06.22"]

1. e4 e6 2. d4 d5 3. Nc3 Bb4 4. e5 c5 5. a3 Bxc3+ 6. bxc3 Ne7 7. Qg4 Qc7 8.
Qxg7 Rg8 9. Qxh7 cxd4 10. Ne2 Nbc6 11. f4 dxc3 12. Qd3 d4 13. Rb1 b6 14. Nxd4
Nxd4 15. Qxd4 Bb7 16. Rg1 Rd8 17. Bb5+ Kf8 18. Qf2 Be4 19. a4 Rg6 20. Ba3 Kg8
21. Bd6 Qb7 22. g4 Rh6 23. f5 Nc8 24. Qf4 Kh7 25. fxe6 fxe6 26. g5 Rg6 27. h4
Nxd6 28. exd6 Bxc2 29. Rb4 Bf5 30. h5 Rg7 31. g6+ Kg8 32. Rc4 Qd5 33. Rd4 Qa2
34. Qg5 Rf8 35. d7 Bg4 36. Qxg4 c2 37. Rc4 Qb1+ 38. Ke2 Qa2 1-0

[Event "Ennepe- Ruhr-  Bergneustadt"]
[Site "?"]
[Date "2023.02.19"]
[Round "5.7"]
[White "Sailer, Hans- Peter"]
[Black "Beller, Antony"]
[Result "0-1"]
[WhiteElo "1925"]
[BlackElo "1426"]
[PlyCount "80"]
[SourceVersionDate "2023.06.22"]

1. e4 c5 2. Nf3 d6 3. d4 cxd4 4. Nxd4 Nf6 5. Nc3 a6 6. Bc4 Qc7 7. Bb3 e5 8. Nf3
Be7 9. O-O O-O 10. Bg5 Be6 11. Bxf6 Bxf6 12. Nd5 Bxd5 13. Bxd5 Nd7 14. c3 Kh8
15. Qe2 Rac8 16. Rfd1 Be7 17. Rd2 Nc5 18. Re1 b5 19. Bb3 Ne6 20. a4 Nf4 21. Qd1
bxa4 22. Bxa4 f5 23. Bc2 g6 24. g3 Ne6 25. Qe2 f4 26. h4 h6 27. g4 Rb8 28. Bd3
Nc5 29. Kh1 Qc8 30. Rg1 h5 31. Ng5 Bxg5 32. hxg5 f3 33. Qe3 hxg4 34. Rg3 Kg7
35. Kg1 Rh8 36. Kf1 Rh1+ 37. Rg1 Rxg1+ 38. Kxg1 Qh8 39. Bf1 Qh5 40. b4 Rh8 0-1

[Event "Schalksmühle- Bergische SF"]
[Site "?"]
[Date "2023.02.19"]
[Round "5.1"]
[White "Harringer, Manfred"]
[Black "Jansen, Dirk Norbert"]
[Result "1/2-1/2"]
[WhiteElo "2016"]
[BlackElo "2126"]
[PlyCount "79"]
[SourceVersionDate "2023.06.22"]

1. e4 d5 2. exd5 Qxd5 3. Nf3 Bg4 4. Be2 Nc6 5. d4 O-O-O 6. c3 e5 7. Nxe5 Bxe2
8. Qxe2 Nxe5 9. dxe5 Qxg2 10. Rf1 Ne7 11. f4 Qc6 12. Be3 Nf5 13. Nd2 Qa4 14.
Bg1 Be7 15. Qe4 Bh4+ 16. Bf2 Qxe4+ 17. Nxe4 Rd3 18. Ke2 Rh3 19. Bg1 Be7 20. Rf3
Rh4 21. Rd1 Rg4 22. Bf2 Re8 23. h3 Rg6 24. Rfd3 f6 25. exf6 Bxf6 26. Kf3 Be7
27. Rd5 Nd6 28. Re5 Nxe4 29. Rxe4 Rd8 30. Rxd8+ Kxd8 31. Bd4 a6 32. Re5 Bf6 33.
f5 Rh6 34. Rd5+ Ke8 35. Kg4 Bxd4 36. Rxd4 Ke7 37. Re4+ Kd7 38. Rd4+ Ke7 39.
Re4+ Kd7 40. Rd4+ 1/2-1/2

[Event "Schalksmühle- Bergische SF"]
[Site "?"]
[Date "2023.02.19"]
[Round "5.2"]
[White "Browning, Rebecca"]
[Black "Bosbach, Stefan"]
[Result "0-1"]
[WhiteElo "1923"]
[BlackElo "2094"]
[PlyCount "86"]
[SourceVersionDate "2023.06.22"]

1. e4 c5 2. c3 b6 3. d4 Ba6 4. Bxa6 Nxa6 5. Nf3 e6 6. O-O Nc7 7. Re1 d6 8. Bf4
Be7 9. e5 d5 10. Nbd2 g5 11. Be3 g4 12. dxc5 gxf3 13. cxb6 axb6 14. Nxf3 Bc5
15. Nd4 Ne7 16. a4 Ra6 17. Bg5 Qa8 18. Bf6 Rf8 19. b4 Bxd4 20. Qxd4 Nf5 21. Qd1
Rg8 22. f3 b5 23. a5 Rc6 24. Qd3 Rc4 25. Kf1 d4 26. cxd4 Rxd4 27. Qc2 Rc4 28.
Qf2 Nd5 29. Rad1 h5 30. a6 Qxa6 31. Kg1 Qb7 32. Ra1 Nf4 33. Red1 Rc8 34. Qa7
Rxg2+ 35. Kh1 Qxa7 36. Rxa7 Rd2 37. Rg1 Kf8 38. Rb7 Rd5 39. h4 Ng6 40. Ra1 Nxe5
41. Raa7 Rc1+ 42. Kh2 Rd2+ 43. Kh3 Rh1# 0-1

[Event "Schalksmühle- Bergische SF"]
[Site "?"]
[Date "2023.02.19"]
[Round "5.3"]
[White "Gelsok, Philipp"]
[Black "Koelz, Niklas"]
[Result "1-0"]
[WhiteElo "1921"]
[BlackElo "1844"]
[PlyCount "69"]
[SourceVersionDate "2023.06.22"]

1. e4 c5 2. Nf3 e6 3. d4 cxd4 4. Nxd4 a6 5. Nc3 Qc7 6. Bd3 Bc5 7. Nb3 Ba7 8.
Qg4 Kf8 9. O-O Nf6 10. Qf3 d6 11. a4 Nbd7 12. Be3 Bxe3 13. Qxe3 b6 14. f4 g6
15. e5 dxe5 16. fxe5 Ng4 17. Qf3 Ndxe5 18. Qxa8 Nxd3 19. g3 Nxb2 20. Qf3 h5 21.
Nd4 Nc4 22. Qc6 Qxc6 23. Nxc6 Bb7 24. Nd8 Ke7 25. Rxf7+ Kxd8 26. Rxb7 Kc8 27.
Re7 e5 28. Nd5 Rd8 29. Rd1 Kb8 30. Rf1 Nh6 31. Nb4 Rc8 32. Nxa6+ Ka8 33. Rg7
Nd2 34. Rf6 Ng4 35. Rff7 1-0

[Event "Schalksmühle- Bergische SF"]
[Site "?"]
[Date "2023.02.19"]
[Round "5.5"]
[White "Thelen, Harm- Wulf"]
[Black "Schmidt, Volker"]
[Result "1/2-1/2"]
[WhiteElo "2056"]
[BlackElo "1965"]
[PlyCount "79"]
[SourceVersionDate "2023.06.22"]

1. c4 Nf6 2. Nc3 c5 3. g3 d5 4. cxd5 Nxd5 5. Bg2 Nc7 6. Nf3 Nc6 7. O-O e5 8. d3
Be7 9. Be3 Qd7 10. Rc1 Rb8 11. a4 f6 12. Nb5 Na6 13. Nd2 b6 14. Bxc6 Qxc6 15.
Nxa7 Qd7 16. Nxc8 Rxc8 17. Nc4 Qe6 18. f4 exf4 19. Bxf4 O-O 20. Rf3 Rc6 21. Bd2
Bd8 22. e4 Bc7 23. Bc3 Nb8 24. Rf5 Nd7 25. Qf1 Bb8 26. Rc2 g6 27. Rf3 Ne5 28.
Nxe5 Bxe5 29. Qc1 Kg7 30. Kg2 Ra8 31. Bxe5 Qxe5 32. Rc4 Rd6 33. b3 Rad8 34. Qc3
Rd4 35. Rxd4 Rxd4 36. h4 Rb4 37. Qc2 Qe6 38. Qc3 Qe5 39. Qc2 Qe6 40. Qc3
1/2-1/2